LIBRARY & INFORMATION CENTRE, KCAET, TAVANUR

ONLINE PUBLIC ACCESS CATALOGUE (OPAC)

Handbook of agriculture / (Record no. 5282)

MARC details
000 -LEADER
fixed length control field 01212cam a2200169ua 4500
041 ## - LANGUAGE CODE
Language code of text/sound track or separate title eng
082 ## - DEWEY DECIMAL CLASSIFICATION NUMBER
Classification number 630
Item number IND/HA
245 ## - TITLE STATEMENT
Title Handbook of agriculture /
250 ## - EDITION STATEMENT
Edition statement 3 /
260 ## - PUBLICATION, DISTRIBUTION, ETC. (IMPRINT)
Place of publication New Delhi :
Name of publisher Indian Council for Agricultural Research ,
Year of publication 1992.
300 ## - PHYSICAL DESCRIPTION
Number of Pages 1303 ; .
500 ## - GENERAL NOTE
General note * CSS
942 ## - ADDED ENTRY ELEMENTS (KOHA)
Koha item type Books
Holdings
Withdrawn status Lost status Damaged status Home library Current library Shelving location Date acquired Full call number Accession Number Koha item type
      KAUAET KAUAET Scheme 25/07/2018 630 IND/HA 18150 Book Bank scheme for SC students
      KAUAET KAUAET Scheme 25/07/2018 630 IND/HA 18883 Book Bank scheme for SC students
      KAUAET KAUAET Scheme 25/07/2018 630 IND/HA 18149 Book Bank scheme for SC students
free website counter